The only remaining English monarch . . . - Statistics

General Stats
  • This quiz has been taken 1,100 times
  • The average score is 18 of 42
Answer Stats
The only remaining monarch... Answer % Correct
To be married six times Henry VIII
98%
To reign for more than 70 years Elizabeth II
97%
To be publicly executed Charles I
79%
To graduate from university Charles III
74%
To be born in the Netherlands William III
70%
To be the 4th monarch in a row with the same regnal name George IV
67%
To reign for more than 60 years Victoria
66%
To abdicate Edward VIII
64%
Never to marry Elizabeth I
63%
To be a queen Anne
58%
To be born in Scotland James I
57%
To be a member of the House of Blois Stephen
57%
To reign for less than six months Edward V
54%
To die before the age of 20 Edward VI
53%
To appear in the film The King's Speech George V
52%
To convert the country to a different religion Mary I
51%
To be killed in battle Richard III
50%
To have a regnal name used by no other monarch John
49%
To reign in the 11th Century William II
48%
To be born to unmarried parents (this must be generally acknowledged) William I
43%
To be crowned King of France Henry VI
42%
To claim the throne through Right of Conquest Henry VII
41%
To have a co-regnant Mary II
41%
To be a member of the House of Lancaster Henry V
40%
To be a member of the House of Normandy Henry I
39%
To be killed by a crossbow Richard I
36%
To live to be older than 80 George III
35%
To be deposed and later become monarch again Edward IV
32%
To rise to the throne by deposing the previous monarch Henry IV
29%
To be King of Scotland before being King of England Charles II
25%
To be born in Wales Edward II
25%
To succeed his grandfather as king Richard II
22%
To be born in modern-day France Henry II
20%
To become king when he was over 60 years old William IV
20%
Not to rise to the throne following the death of the previous monarch George VI
19%
To ascend to the throne as a child Henry III
19%
To be the title character of a play written entirely or partially by William Shakespeare Edward III
18%
To be deposed James II
18%
Not to be the son of the previous monarch George I
17%
To be born outside of England George II
16%
To be a Catholic Edward I
14%
To be a monarch Edward VII
11%
No matching quizzes found
Score Distribution
Percent of People with Each Score
Percentile by Number Answered
Your Score History
You have not taken this quiz